00498nam a2200193Ia 4500003000400000005001700004008004100021020001400062040000700076041000800083082001300091100003600104245005100140260004900191300001500240365001400255650001200269650002300281OSt20230328143532.0210423s2006 xx 000 0 und d a761943293 cAL aeng a070 PAPS aPAPE (Susan);FEATHERSTONE (Sue) aNewspaper journalism: a practical introduction aNew DelhibSahitya Bhawan Publicationsc2006 avi,222bPB b1868cINR aGeneral aJournalism & Media